000
00345nam a2200133Ia 4500
008
151001s9999||||xx |||||||||||||| ||und||
100
_a
व बा बोधे
245
_a
घूस
250
_a
1
260
_b
गुलमोहर प्रकाशन सातारा
260
_c
1991
300
_a
167
365
_b
18
999
_c
970606
_d
970603